স্বাধীনতা উত্তর বাংলাদেশের শিশুতোষ গ্র্র্রন্থের প্রচ্ছদ ও অলংকরণ / (Record no. 79310)
[ view plain ]
| 000 -LEADER | |
|---|---|
| fixed length control field | 01560nam a22002537a 4500 |
| 001 - CONTROL NUMBER | |
| RUCL Control Number | 79310 |
| 003 - CONTROL NUMBER IDENTIFIER | |
| rucl marc code | BD-RjUL |
| 005 - DATE AND TIME OF LATEST TRANSACTION | |
| control field | 20230806121945.0 |
| 008 - FIXED-LENGTH DATA ELEMENTS--GENERAL INFORMATION | |
| fixed length control field | 220202s2013bg |||a|||| m||| 00| 0 beg d |
| 035 ## - SYSTEM CONTROL NUMBER | |
| system control number | (BD-RjUL)79310 |
| 040 ## - CATALOGING SOURCE | |
| Original cataloging agency | BD-RjUL |
| Language of cataloging | ben / eng |
| Transcribing agency | BD-RjUL |
| Modifying agency | BD-RjUL |
| 041 ## - LANGUAGE CODE | |
| Language code of Book | ben |
| 082 ## - DEWEY DECIMAL CLASSIFICATION NUMBER | |
| Classification number | 741.64095492 |
| Author mark and Year | KAS |
| DDC Edition number | 23 |
| 100 ## - MAIN ENTRY--PERSONAL NAME | |
| Personal name | কায়েস, ইমরুল |
| 9 (RLIN) | 1082 |
| 245 10 - TITLE STATEMENT | |
| Title | স্বাধীনতা উত্তর বাংলাদেশের শিশুতোষ গ্র্র্রন্থের প্রচ্ছদ ও অলংকরণ / |
| Statement of responsibility, etc | ইমরুল, কায়েস ; |
| Name of Supervisor/Co-Supervisor | তত্ত্বাবধায়ক: এস. এম. জাহিদ হোসেন |
| 260 ## - PUBLICATION, DISTRIBUTION, ETC. (IMPRINT) | |
| Place of publication, distribution, etc | রাজশাহী : |
| Name of publisher, distributor, etc | চারুকলা বিভাগ, রাজশাহী বিশ্ববিদ্যালয়, |
| Date of publication, distribution, etc | ২০১৩ |
| 300 ## - PHYSICAL DESCRIPTION | |
| Pagination | iv, ৩০১ পাতা : |
| Other physical details | চিএ ; |
| Dimensions | ৩০ সেমি. |
| 502 ## - DISSERTATION NOTE | |
| Dissertation note | থিসিস (পিএইচ. ডি.) -- চারুকলা বিভাগ, রাজশাহী বিশ্ববিদ্যালয়, ২০১৩ |
| 504 ## - BIBLIOGRAPHY, ETC. NOTE | |
| Bibliography, etc | গ্রন্থপজ্ঞি : পাতা [২৯৬] - ৩০১. |
| 650 ## - SUBJECT ADDED ENTRY--TOPICAL TERM | |
| Topical term or geographic name as entry element | বইয়ের প্রচ্ছদ |
| Geographic subdivision | বাংলাদেশ |
| General subdivision | ইতিহাস |
| Chronological subdivision | ১৯৭২-২০০৭ |
| 9 (RLIN) | 1976 |
| Topical term or geographic name as entry element | Book covers |
| Geographic subdivision | Bangladesh |
| General subdivision | History |
| Chronological subdivision | 1972-2007 |
| 9 (RLIN) | 1977 |
| 700 ## - ADDED ENTRY--SUPERVISOR/CO-SUPERVISOR NAME | |
| Personal name | হোসেন, এস. এম. জাহিদ, তত্ত্বাবধায়ক |
| 9 (RLIN) | 1085 |
| 942 ## - ADDED ENTRY ELEMENTS (KOHA) | |
| Source of classification or shelving scheme | Dewey Decimal Classification |
| Koha item type | Theses |
| Source of classification or shelving scheme | Damaged status | Not for loan | Collection code | Permanent Location | Current Location | Shelving location | Date of accession | Source of acquisition | Full call number | Barcode | Date last seen | Copy number | Thesis |
|---|---|---|---|---|---|---|---|---|---|---|---|---|---|
| Dewey Decimal Classification | Not For Loan | Theses | Central Library, University of Rajshahi | Central Library, University of Rajshahi | Documentation Section | 21/12/2014 | Controller of Exam. , R.U | BTHE 741.64095492 KAS | D3750 | 02/02/2022 | C-1 | Theses |